| 000 | 00937nam a22001937a 4500 | ||
|---|---|---|---|
| 003 | BR-ViAPE | ||
| 005 | 20260505113746.0 | ||
| 008 | 260505s1960 pordb|||s||||s000 0 por d | ||
| 040 | _cBR-ViAPE | ||
| 110 |
_aEspírito Santo _bEstado |
||
| 245 | _aMensagem apresentada à Assembleia Legislativa Estadual por ocasião da abertura da sessão legislativa para 1960 pelo Sr. Carlos Fernando Monteiro Lindenberg Governador do Estado | ||
| 260 |
_aVitória _bDepartamendo de Imprensa Oficial _c1960 |
||
| 300 |
_a412 p. _bDocumento digitalizado (PDF) |
||
| 500 | _aDocumento digitalizado do acervo institucional do Arquivo Público do Estado do Espírito Santo - APEES. | ||
| 650 |
_aAdministração pública _zEspírito Santo |
||
| 651 |
_aEspírito Santo _xAdministração pública |
||
| 856 |
_uhttps://ape.es.gov.br/Media/ape/PDF/Mensagens/Mensagem-2024/mensagem%201960-1.pdf _yCLIQUE AQUI PARA ACESSAR O DOCUMENTO |
||
| 942 |
_2ddc _cMSGREL _n1 |
||
| 999 |
_c582 _d582 |
||